Vývoj ekonomickej teórie a vzdelávania, uplatnenie a perspektívy v SR (zábery z medzinárodnej vedeckej konferencie)

Gespeichert in:
Bibliographische Detailangaben
1. Verfasser: Goga, Marián
Format: Buchkapitel
Sprache:Slowakisch
Tags: Tag hinzufügen
Keine Tags, Fügen Sie das erste Tag hinzu!

MARC

LEADER 00000naa$a2200000$$$4500
001 0065230
005 20240502071754.1
041 0 |a slo 
044 |a SK 
245 1 0 |a Vývoj ekonomickej teórie a vzdelávania, uplatnenie a perspektívy v SR  |b (zábery z medzinárodnej vedeckej konferencie)  |c Marián Goga 
100 1 |a Goga, Marián